• 首页
  • 本馆介绍
  • 公告通知
  • 最新文献
  • 馆藏检索
  • 电子资源
  • 读者导购
  • 参考咨询
  • 我的图书馆
  • 登录
  • 详细信息显示
  • 放入我的书架
  • 预约/预借图书
  • 作者相关作品
  • 分类相关作品
  • 丛书相关作品
  • 出版社相关作品

书目信息

  • 表格格式
  • 工作单格式
  • 卡片格式
题名:
动物病理解剖学
    
 
作者: 高丰 , 贺文琦 主编
分册:  
出版信息: 北京   科学出版社  2008.08
页数: 293页
开本: 26cm
丛书名:
单 册:
中图分类: S852.31
科图分类:
主题词: 动物疾病--病理解剖学--高等教育--教材 , 动物疾病 , 病理解剖学
电子资源:
ISBN: 978-7-03-022060-8
000 01014nam0 2200277 45
001 1356824015
005 20130514173222.46
010    @a978-7-03-022060-8@dCNY36.00
100    @a20130108d2008 ekmy0chiy0120 ea
101 0  @achi
102    @aCN@b110000
105    @aa z 000yy
106    @ar
200 1  @a动物病理解剖学@ADong Wu Bing Li Jie Pou Xue@f高丰,贺文琦主编@FGao Feng, He Wen Qi Zhu Bian
210    @a北京@c科学出版社@d2008.08
215    @a293页@c图@d26cm
300    @a普通高等教育“十一五”规划教材
330    @a本书介绍了动物疾病的病理学研究、诊断的科学知识和方法。本书在内容编排上除了介绍动物疾病的基本病变特征外,重点按动物分类编写了大量国内外常见动物疾病(特别是近年来新见病)的病理学特征及鉴别要点,以及研究方法。
606 0  @a动物疾病@x病理解剖学@x高等教育@j教材
606 0  @a动物疾病
606 0  @a病理解剖学
690    @aS852.31@v5
701  0 @a高丰@AGao Feng@4主编
701  0 @a贺文琦@AHe Wen Qi@4主编
801    @aCN@bTANGWEI@c20130108
905    @b0830051-55@dS852.31@e95@f5
    
    动物病理解剖学/高丰,贺文琦主编.-北京:科学出版社,2008.08
    293页:图;26cm
    普通高等教育“十一五”规划教材
    
    ISBN 978-7-03-022060-8:CNY36.00
    本书介绍了动物疾病的病理学研究、诊断的科学知识和方法。本书在内容编排上除了介绍动物疾病的基本病变特征外,重点按动物分类编写了大量国内外常见动物疾病(特别是近年来新见病)的病理学特征及鉴别要点,以及研究方法。
●
相关链接 在E读中查询图书 在五车中查询图书 在当当中查询图书 在豆瓣中查询图书


正题名:动物病理解剖学     索取号:S852.31/95         预约/预借

序号 登录号 条形码 馆藏地/架位号 状态 备注
1 0830051   208300514   第二样本阅览室/ [索取号:S852.31/95] 在馆    
2 0830052   208300523   第三借阅区/ [索取号:S852.31/95] 在馆    
3 0830053   208300532   第三借阅区/ [索取号:S852.31/95] 在馆    
4 0830054   208300541   第三借阅区/ [索取号:S852.31/95] 在馆    
5 0830055   208300550   第三借阅区/ [索取号:S852.31/95] 在馆    
欢迎您!
大连网信软件有限公司© 版权所有